000 00645nam a22002297a 4500
005 20170124110156.0
010 _a813018
020 _c00.00
_a437127095
035 _a813018
037 _bCen Lib/Ret
040 _aDPL
_bEN
082 _a150.13
_bPEA
100 _aPeale, Norman Vincent
_935215
245 _aThe new art of living /
_cby Norman Vincent Peale
260 _aCalcutta
_bRupa & cO.
_c1974
270 _aCalcutta
_bCalcutta
300 _ax,141p.
_c20cm(Hb)
650 _aChristian life
_912896
650 _aSelf-actualization (Psychology)
_916926
700 _935082
942 _2ddc
_cEN
_h150.13
_mPEA
999 _c132597
_d132597